VMS Library
Email : library.aptu@gmail.com / Tel. 0-2986-9605-6 ext.2003 / Line Official : @vmslibrary
เปลี่ยนเป็นภาษาไทย

Change to English
 แสดงรายละเอียดบรรณานุกรม
  กลับหน้าหลัก

Brief Record : Get Marc (ISO 2709) : E-mail record : QR code ปิดหน้าต่าง
E-Book หนังสือทั่วไป : เกี่ยวกับ Collections
LEADER 01174nam 2200277 a 4500
001    13399123425
003     ULIBM
008    030417s2550 caua sb 001 0 tha
099    ^aว ผม.มธ. 1 2550
100    ^aอัมพิกา พรพรหมประทาน
245    ^aการเปลี่ยนแปลงบทบาทของย่านสามย่าน กรุงเทพมหานคร /^cอัมพิกา พรพรหมประทาน.
246    ^aThe changing role of Samyan Distrlct, Bangkok /^cAmpica Pornprompratan.
260    ^aกรุงเทพฯ :^bมหาวิทยาลัยธรรมศาสตร์,^c2550.
300    ^aก-ฐ, 149 แผ่น.
500    ^aวิทยานิพนธ์คณะสถาปัตยกรรมศาสตร์--สาขาการผังเมืองบัณฑิต.
650  7 ^aประโยชน์ที่ดินที่อยู่อาศัย^xพาณิชยกรรม.
650  7 ^aแนวคิดเกี่ยวกับเมือง.
650  7 ^aการใช้ที่ดินในเมือง.
710 0  ^aกฤตพร ห้าวเจริญ, ^eอาจารย์ที่ปรึกษา.
856    ^uhttps://digital.library.tu.ac.th/tu_dc/frontend/Info/item/dc:339087 ^zเอกสารฉบับเต็ม (ดูรายบทคลิกที่ Bookmarks)
913    ^aImported by ULIBM Administrator
949    ^aImport form external file by ULIBM system
รายการนี้ยังไม่มีแท็ก
คุณยังไม่ได้ล็อกอิน คุณสามารถมีกิจกรรมร่วมกับเว็บไซต์ได้ แต่ต้องล็อกอินก่อน ::
  ล็อกอิน
ไม่มีไอเทมให้บริการ
ไม่มีไอเทมให้บริการ
รายการใกล้เคียง
    ผู้แต่ง [อัมพิกา พรพรหมประทาน]

    หัวเรื่อง [การใช้ที่ดินในเมือง.]

BibComment


ยังไม่เคยถูกคอมเมนท์

คอมเมนท์ทรัพยากรรายการนี้
  คอมเมนท์: การเปลี่ยนแปลงบท..
Bib 13399123425
 
 
 

 Union Library Management : ULibM
Copyright 2026. All Rights Reserved.